Najmniejsze powiaty pod względem mieszkańców - Statystyki

Ogólne statystyki
  • Ten quiz został rozwiązany 51 razy
  • Średni wynik to 9 z 15
Statystyki odpowiedzi
Liczba mieszkańcó Województwo Nazwa powiatu % Poprawnych
21 576 Podkarpackie bieszczadzki
93%
19 807 Podlaskie sejneński
88%
26 625 Warmińsko-mazurskie gołdapski
83%
26 413 Podkarpackie leski
78%
22 555 Warmińsko-mazurskie węgorzewski
76%
33 489 Świętokrzyskie kazimierski
71%
30 658 Mazowieckie łosicki
71%
34 050 Warmińsko-mazurskie olecki
68%
33 738 Mazowieckie lipski
59%
30 793 Łódzkie brzeziński
56%
34 698 Dolnośląskie górowski
49%
32 753 Warmińsko-mazurskie nidzicki
49%
33 332 Mazowieckie białobrzeski
41%
34 590 Lubelskie parczewski
39%
34 115 Kujawsko-pomorskie wąbrzeski
29%
Nie znaleziono quizów pasujących do podanych kryteriów
Rozkład punktacji
Procent ludzi z każdym wynikiem
Percentyl według liczby udzielonych odpowiedzi
Twoja historia wyników
Nie rozwiązałeś tego quizu